000 00662nam a22002417a 4500
001 94308
003 UA-OsUOA
005 20201225194827.0
007 ta
008 20130207b un ||||| |||| 00| 0 ukr d
040 _aUA-OsUOA
_brus
_cUA-OsUOA
_dUA-OsUOA
041 _arus
080 _a821.161.1
090 _a821.161.1
_bГ58
100 _aГоголь Н.
245 _aСорочинская ярмарка
260 _aМ.
_c1952
300 _a31 с.
650 7 _a82 Література. Літературознавство
_2UDC
942 _cBK
_2udc
955 _a3
999 _c380553
_d380553